| 000 | 00461ngm a22001817a 4500 | ||
|---|---|---|---|
| 005 | 20170313114353.0 | ||
| 008 | 150317b xxu||||| |||| 00| 0 spa d | ||
| 041 | _aspa | ||
| 082 | _a129 DVD | ||
| 245 | _aViolencia Infantil | ||
| 260 |
_aCosta Rica _bPaniamor |
||
| 300 | _a1:55 minutos | ||
| 650 |
_aVIOLENCIA INFANTIL _929195 |
||
| 650 |
_aNICARAGUA _96749 |
||
| 650 |
_aVIOLENCIA DOMESTICA _92202 |
||
| 650 |
_aEXPLOTACIÓN INFANTIL _941097 |
||
| 942 | _cDVD | ||
| 999 |
_c9015 _d9015 |
||